|
|
|
|
| LEADER |
00764pam a22002178a 4500 |
| 001 |
00019641 |
| 005 |
20171026081022.0 |
| 008 |
110507s1983 ||||||Viesd |
| 041 |
0 |
# |
|a Vie
|
| 082 |
1 |
# |
|a 895.922 3
|b H125PH
|
| 100 |
0 |
# |
|a Mai Vũ
|
| 245 |
0 |
0 |
|a Hậu phương ấm áp
|b Tập truyện
|c Mai Vũ
|
| 260 |
# |
# |
|a H.
|b Quân đội nhân dân
|c 1983
|
| 300 |
# |
# |
|a 113 tr.
|c 19 cm.
|
| 650 |
# |
7 |
|2 Truyện ngắn
|a Văn học cách mạng
|
| 653 |
# |
# |
|a Việt Nam
|
| 852 |
# |
# |
|b Kho mượn
|j KM.0007109, KM.0007110, KM.0007111
|
| 852 |
# |
# |
|b Kho đọc
|j KD.0005000
|
| 852 |
# |
# |
|j KD.0005000
|j KM.0007109
|j KM.0007110
|j KM.0007111
|
| 910 |
|
|
|d 07/05/2011
|
| 980 |
# |
# |
|a Trung tâm Học liệu Lê Vũ Hùng, Trường Đại học Đồng Tháp
|